Pokémon - Tous les Personnages [avec image] - Statistiques

Statistiques générales
  • Ce quiz a été pris 79 fois
    11 depuis la dernière actualisation
  • Le résultat moyen est 154 sur 359
Statistiques - réponses
Par images Réponse % Correct
Blue
100%
Natural Harmonia Gropius
100%
Red
100%
Infirmière Joëlle
90%
James
90%
Jessie
90%
L
90%
Pierre
90%
Pierre Rochard
90%
Professeur Samuel Chen
90%
Raphaël Chen
90%
Timmy
90%
Agent Jenny
80%
Aurore
80%
Aurore
80%
Giovanni
80%
Lilie
80%
Major Bob
80%
Morgane
80%
Ondine
80%
Peter
80%
Professeur Euphorbe
80%
Professeur Platane
80%
Ali
70%
Alizée
70%
A.Z.
70%
Bianca
70%
Blanche
70%
Brice
70%
Clem
70%
Cynthia
70%
Dianthéa
70%
Erika
70%
Flo
70%
Flora
70%
Gladio
70%
Iris
70%
Kiawe
70%
Koga
70%
Lem
70%
Lysandre
70%
Olga
70%
Pectorius
70%
Sandra
70%
Serena
70%
Tili
70%
Adrien
60%
Aldo
60%
Arthur
60%
Auguste
60%
Bastien
60%
Chaz
60%
Danh
60%
Elsa-Mina
60%
Faïza
60%
Glacia
60%
Guzma
60%
Hector
60%
Hélio
60%
Jasmine
60%
Juan
60%
Jupiter
60%
Kabu
60%
Kiméra
60%
Lino
60%
Lona
60%
Magnolia
60%
Malva
60%
Marc
60%
Mars
60%
Max
60%
Mélina
60%
Menzi
60%
Nabil
60%
Narcisse
60%
Néphie
60%
Norman
60%
Oléa
60%
Paulie
60%
Percy
60%
Peterson
60%
Pierrick
60%
Professeure Sonya
60%
Professeur Orme
60%
Professeur Seko
60%
Rachid
60%
Roxanne
60%
Sally
60%
Sara
60%
Saturne
60%
Silver
60%
Tanguy
60%
Tcheren
60%
Tierno
60%
Violette
60%
Voltère
60%
Aaron
50%
Adriane
50%
Agatha
50%
Albert
50%
Alistair
50%
Aloé
50%
Althéo
50%
Alyxia
50%
Amaro
50%
Amaryllis
50%
Ancolie
50%
Anis
50%
Apocyne
50%
Aragon
50%
Artie
50%
Astéra
50%
Barbara
50%
Bardane
50%
Barry
50%
Beladonis
50%
Carolina
50%
Charles
50%
Chrys
50%
Chuck
50%
Clément
50%
Cornélia
50%
Damien
50%
Donna
50%
Dracéna
50%
Frédo
50%
Ghetis Harmonia Gropius
50%
Gladys
50%
Ingrid
50%
Jeannine
50%
Kahili
50%
Kalem
50%
Kunz
50%
Leaf
50%
Léo
50%
Lévy & Tatia
50%
Liv
50%
Lovis le Teigneux
50%
Lucio
50%
Margie
50%
Marion
50%
Molène
50%
Mortimer
50%
Nikolaï
50%
Pluton
50%
Primula
50%
Rosemary
50%
Roy
50%
Saubohne
50%
Spectra
50%
Tarak
50%
Terry
50%
Thyméo
50%
Travis
50%
Trovato
50%
Valériane
50%
Vicky
50%
Adamantin
40%
Alisma
40%
Amana
40%
Amos
40%
Annette
40%
Ariane
40%
Armand
40%
Armando
40%
Atalante
40%
Ball Masqué
40%
Cayenn
40%
Célesta
40%
Cendro
40%
Colza
40%
Cormier
40%
Cornélius
40%
Elio
40%
Eusine
40%
Fargas
40%
Florian
40%
Goyah
40%
Grusha
40%
Inezia
40%
Irido
40%
Jacq
40%
Jean-Fleuret
40%
Jean-Targe
40%
Kombu
40%
Laïm
40%
Lambda
40%
Lance
40%
Lilien
40%
Louka
40%
Luth
40%
Mashynn
40%
Milie
40%
Mr. Fuji
40%
Mr.Rochard
40%
Noa
40%
Okuba
40%
Pepper
40%
Percila
40%
Popi
40%
Professeur Sorbier
40%
Professeur Turum
40%
Rubépin
40%
Sannah
40%
Sarah
40%
Selene
40%
Shehroz
40%
Strykna
40%
Trio des Ombres
40%
Tully
40%
Urup
40%
Vénus & Colombe
40%
Violine
40%
Watson
40%
Zhu
40%
Albia
30%
Aurel
30%
Brasénie
30%
Brenda
30%
Brome
30%
Camille
30%
Carmine
30%
Carole
30%
Cathy
30%
Célosia
30%
Cendrie
30%
Cety
30%
Chammal
30%
Chamsin
30%
Charline
30%
Ciléo
30%
Cornil
30%
Courtney
30%
Cyane
30%
Dahlia
30%
Dexio
30%
Écho
30%
Élian
30%
Éra
30%
Esteban
30%
Garance
30%
Gloria
30%
Guajava
30%
Guido
30%
Hassa
30%
Inno
30%
Jeffry Andise
30%
Julien
30%
Kassis
30%
Kelvin
30%
Koner
30%
Lucia
30%
Ludvina
30%
Ludwig
30%
Maïté
30%
Marcia
30%
Matis
30%
Matthieu
30%
Méridia
30%
Millepertuis
30%
Mohn
30%
Myosotis
30%
Nacchara
30%
Nina Chen
30%
Nix
30%
Oryse
30%
Pania
30%
Parsley
30%
Penséa
30%
Percupio
30%
Pieris
30%
Pivonia
30%
Professeure Keteleeria
30%
Professeure Olim
30%
Professeure Pimprenelle
30%
Professeur Lavande
30%
Roseille
30%
Sabi
30%
Sam
30%
Saturnin
30%
Scott
30%
Sina
30%
Solane
30%
Sophora
30%
Spruce Keteleeria
30%
Taro
30%
Thaïm
30%
Trace
30%
Vesper
30%
Victor
30%
Viviane
30%
Xanthin
30%
Zoé
30%
Alexia
20%
Amelle
20%
Apia
20%
Bayar
20%
Bélila
20%
Big Chen
20%
Bria
20%
Cardus
20%
Chase
20%
Christy
20%
Clavel
20%
Constance
20%
Corvault
20%
Delphie
20%
Dhilan
20%
Elaine
20%
Élige
20%
Erio
20%
Garrett
20%
Gypso
20%
Harmony
20%
Hermance
20%
Juliana
20%
Lagéna
20%
Lardi
20%
Mélis
20%
Meloco
20%
Mimosa
20%
Musquat
20%
Mustar
20%
Narica
20%
Nèflie
20%
Nérine
20%
Pierce Hanlov
20%
Rhody
20%
Rudi
20%
Selena
20%
Takim
20%
Taragon
20%
Alba Minçalor
10%
Alben
10%
Anya
10%
Boro
10%
Bridjet
10%
Bruyer
10%
Cyano
10%
Cym
10%
Garana
10%
Gino
10%
Graham
10%
Hygia
10%
Juliette
10%
Lithia
10%
Mélie
10%
Milio
10%
Mora
10%
Naire
10%
Nectarin
10%
Nivis
10%
Noham
10%
Ortiga
10%
Paxton
10%
Ryza
10%
Saguaro
10%
Salvio
10%
Solie
10%
Aucun quiz correspondant
Distribution des résultats
% des personnes avec chaque résultat
Percentile par nombre de réponses
Votre historique - résultats
Vous n’avez pas pris ce quiz depuis la dernière actualisation